[Event "SVK-ch U18/20 Girls"]
[Site "Tatralandia"]
[Date "2024.04.06"]
[Round "2"]
[White "Taurani, Leisha"]
[Black "Zetocha, Adela"]
[Result "0-1"]
[WhiteElo "1481"]
[BlackElo "1743"]
[PlyCount "72"]
[EventDate "2024.04.05"]
[EventType "swiss"]
[EventRounds "9"]
[EventCountry "SVK"]
[SourceTitle "CB16_2024"]
[SourceDate "2024.04.17"]
[SourceVersion "1"]
[SourceVersionDate "2024.04.17"]
[SourceQuality "1"]

1. e4 e5 2. Nf3 Nc6 3. Nc3 Nf6 4. d4 exd4 5. Nxd4 Be7 6. Be2 0-0 7. Bf4 Bb4 8. Qd3 d6 9. Bd2 Qe8 10. f3 Ne5 11. Qe3 Bc5 12. 0-0-0 Nc6 13. Be1 Nxd4 14. Rxd4 Qe5 15. Bg3 Bxd4 16. Bxe5 Bxe3+ 17. Kb1 dxe5 18. Rd1 Be6 19. a3 c6 20. Rf1 Rfd8 21. Bd3 b5 22. Ne2 a5 23. f4 exf4 24. Nxf4 Bxf4 25. Rxf4 c5 26. Kc1 c4 27. Be2 b4 28. e5 bxa3 29. bxa3 Nd7 30. Re4 c3 31. Bf3 Rab8 32. Re3 Nc5 33. Rxc3 Ba2 34. Rd3 Nxd3+ 35. cxd3 Rxd3 36. Kc2 Bb1+ 0-1